| 000 | 00420nam a2200181Ia 4500 | ||
|---|---|---|---|
| 001 | 15580 | ||
| 005 | 20260306170206.0 | ||
| 008 | 260306t1993||||xx |||||||||||||| ||und|| | ||
| 041 | _aESP | ||
| 082 |
_a547 _bW13 1993 |
||
| 100 |
_aWade, Jr. L.G. _eAUT |
||
| 245 | 0 | _aQuímica orgánica | |
| 260 | _c1993 | ||
| 300 |
_axxxi, 1312 páginas : _c25 cm. |
||
| 650 | _aGEN | ||
| 654 | _aCCN | ||
| 942 |
_cLIB _dJUS _fJUS _2ddc _n |
||
| 999 |
_c15580 _d15580 |
||